High lonesome : (Record no. 1188)

MARC details
000 -LEADER
fixed length control field 00603nam a2200193 ar4500
001 - CONTROL NUMBER
control field 1189
005 - DATE AND TIME OF LATEST TRANSACTION
control field 20221127090148.0
008 - FIXED-LENGTH DATA ELEMENTS--GENERAL INFORMATION
fixed length control field 090311s xxu 0001f|eng d
020 ## - INTERNATIONAL STANDARD BOOK NUMBER
International Standard Book Number 0060501197 :
Terms of availability SR201.00
082 04 - DEWEY DECIMAL CLASSIFICATION NUMBER
Classification number 813.54
Item number Oa8 2006
100 1# - MAIN ENTRY--PERSONAL NAME
Personal name Oates, Joyce Carol.
245 10 - TITLE STATEMENT
Title High lonesome :
Remainder of title new & selected stories, 1966-2006 /
Statement of responsibility, etc. Joyce Oates.
250 ## - EDITION STATEMENT
Edition statement 1st ed.
260 ## - PUBLICATION, DISTRIBUTION, ETC.
Place of publication, distribution, etc. New York :
Name of publisher, distributor, etc. ECCO,
Date of publication, distribution, etc. 2006.
300 ## - PHYSICAL DESCRIPTION
Extent viii, 664 p. ;
Dimensions 24 cm.
650 #4 - SUBJECT ADDED ENTRY--TOPICAL TERM
Topical term or geographic name entry element Social life and customs
Form subdivision Fiction.
650 #4 - SUBJECT ADDED ENTRY--TOPICAL TERM
Topical term or geographic name entry element American fiction
Chronological subdivision 20th century.
651 #4 - SUBJECT ADDED ENTRY--GEOGRAPHIC NAME
Geographic name United States
General subdivision Life and customs
Form subdivision Fiction.
Holdings
Withdrawn status Lost status Source of classification or shelving scheme Damaged status Not for loan Home library Current library Date acquired Total Checkouts Full call number Barcode Date last seen Copy number Price effective from Koha item type
          CENTRAL CENTRAL 11/27/2022   813.54 Oa8 2006 1000000001053 11/27/2022 C1 11/27/2022 Book